Statistics for Countries by Highest Natural Increase

Click here to take the quiz!

General Stats

  • This quiz has been taken 4 times
  • The average score is 5 of 10

Answer Stats

RateCountry% Correct
34.5Angola
75%
34.1Mali
75%
32.4Niger
75%
30Burkina Faso
50%
32.5Burundi
50%
28.8Ethiopia
50%
30.7Liberia
50%
32.7Uganda
50%
33.1Malawi
25%
29.3Zambia
25%

Score Distribution

Percentile by Number Answered

Percent of People with Each Score

Your Score History

You have not taken this quiz